| 000 | 00792cam a2200289 4500500 | ||
|---|---|---|---|
| 005 | 20260405003556.0 | ||
| 041 | _afre | ||
| 042 | _adc | ||
| 100 | 1 | 0 |
_aLegros, Martin _eauthor |
| 245 | 0 | 0 | _aOlivier Rey : être mieux avec moins ? |
| 260 | _c2022. | ||
| 500 | _a10 | ||
| 690 | _aAbondance | ||
| 690 | _aBernard Mandeville | ||
| 690 | _aConvivialité | ||
| 690 | _aDémesure | ||
| 690 | _aHölderlin | ||
| 690 | _aHubris | ||
| 690 | _aIvan Illich | ||
| 690 | _aJoie | ||
| 690 | _aLimites | ||
| 690 | _aOlivier Rey | ||
| 690 | _aRessources | ||
| 690 | _aSobriété | ||
| 786 | 0 | _nPhilosophie magazine | 163 | 10 | 2022-10-01 | p. 27-27 | 1951-1787 | |
| 856 | 4 | 1 | _uhttps://shs.cairn.info/magazine-philosophie-magazine-2022-10-page-27?lang=fr&redirect-ssocas=7080 |
| 999 |
_c2068891 _d2068891 |
||